Album - Who's the Clown by Audrey Hobert - Statistics

General Stats
  • This quiz has been taken 12 times
  • The average score is 11 of 12
Answer Stats
Songs % Correct
1 I like to touch people
100%
11 Phoebe
100%
8 Sex and the city
100%
2 Sue me
100%
6 Thirst Trap
100%
5 Bowling alley
91%
7 Chateau
91%
10 Don't go back to his ass
91%
9 Shooting star
91%
12 Silver Jubilee
82%
4 Wet Hair
82%
3 Drive
73%
No matching quizzes found
Score Distribution
Percent of People with Each Score
Percentile by Number Answered
Your Score History
You have not taken this quiz